MARC

LEADER 00000nam0a2200000 4500
001 139880
005 20231031141905.0
029 1 0 |a RU  |b 283-64  |c СН 
035 |a (RuTPU)RU\TPU\book\151542 
090 |a 139880 
100 |a 20080614d1976 k a0rusy50 ca 
101 0 |a rus 
102 |a RU 
105 |a a l 000zy 
122 2 |a d2007121020  |a d2007121020 
200 1 |a Временные нормы продолжительности проектирования. СН 283-64  |f Государственный комитет Совета Министров СССР по делам строительства (Госстрой СССР) 
205 |a Изд. офиц. 
210 |a Москва  |c Стройиздат  |d 1976 
215 |a 145 с.  |c ил. 
229 |a Введен 1 января 1965 г.  |a Утверждены Государственным комитетом по делам строительства СССР 30 июля 1964 г. 
610 1 |a временные нормы 
610 1 |a продолжительность 
610 1 |a инженерные изыскания 
610 1 |a проектные работы 
610 1 |a сооружения 
610 1 |a промышленность 
610 1 |a связь 
610 1 |a энергетики 
610 1 |a сельское хозяйство 
610 1 |a планировка 
610 1 |a застройка 
610 1 |a города 
610 1 |a гражданские здания 
610 1 |a СН 
675 |a 721(083)  |v 3 
712 0 1 |a СССР  |b Государственный комитет по делам строительства (Госстрой СССР)  |c (1950-1991)  |2 stltpush  |3 (RuTPU)RU\TPU\col\7934 
801 1 |a RU  |b 63413507  |c 20080614  |g PSBO 
801 2 |a RU  |b 63413507  |c 20221207  |g PSBO 
942 |c BK